Is developmental education helping community college students persist? A critical review of the literature (Record no. 90833)

000 -LEADER
fixed length control field 00516pab a2200181 454500
008 - FIXED-LENGTH DATA ELEMENTS--GENERAL INFORMATION
fixed length control field 180718b2011 xxu||||| |||| 00| 0 eng d
100 ## - MAIN ENTRY--PERSONAL NAME
Personal name Melguizo, Tatiana
245 ## - TITLE STATEMENT
Title Is developmental education helping community college students persist? A critical review of the literature
260 ## - PUBLICATION, DISTRIBUTION, ETC.
Date of publication, distribution, etc. 2011
300 ## - PHYSICAL DESCRIPTION
Extent p.173-184.
362 ## - DATES OF PUBLICATION AND/OR SEQUENTIAL DESIGNATION
Dates of publication and/or sequential designation Feb
650 ## - SUBJECT ADDED ENTRY--TOPICAL TERM
Topical term or geographic name entry element Community education
700 ## - ADDED ENTRY--PERSONAL NAME
Personal name Prather, George
700 ## - ADDED ENTRY--PERSONAL NAME
Personal name Bos, Johannes
773 ## - HOST ITEM ENTRY
Main entry heading American Behavioral Scientist
908 ## - PUT COMMAND PARAMETER (RLIN)
Put command parameter N
909 ## -
-- 90833
Holdings
Withdrawn status Lost status Damaged status Not for loan Permanent Location Current Location Date acquired Serial Enumeration / chronology Barcode Date last seen Price effective from Koha item type
        Indian Institute of Public Administration Indian Institute of Public Administration 2018-07-19 Volume no: 55, Issue no: 2 AR91293 2018-07-19 2018-07-19 Articles

Powered by Koha